000 00447nam a2200181Ia 4500
001 8520
005 20260306160615.0
008 260306t2009||||xx |||||||||||||| ||spa||
041 _aESP
082 _a371.102
_bC28
100 _aBernardo Carrasco, José
_eAUT
245 0 _aUna didáctica para hoy:
_bcómo enseñar mejor
260 _c2009
300 _a383 páginas :
_c21 cm.
650 _aGEN
654 _aCED
942 _cLIB
_dJUS
_fJUS
_2ddc
_n
999 _c8520
_d8520